Tareekh Falsafa-I-Islam. (Record no. 11372)

MARC details
000 -LEADER
fixed length control field 00583nam a2200229 a 4500
020 ## - INTERNATIONAL STANDARD BOOK NUMBER
ISBN
082 00 - DEWEY DECIMAL CLASSIFICATION NUMBER
Classification number 181.07
Author Cutter DEB
100 ## - MAIN ENTRY--AUTHOR NAME
Author name Debair, T J
245 ## - TITLE STATEMENT
Title Tareekh Falsafa-I-Islam.
260 ## - PUBLICATION, DISTRIBUTION, ETC. (IMPRINT)
Place of publication New Delhi
Name of publisher Qaumi Council Barai Taraqi-E-Urdu Lang
Year of publication 1999
300 ## - PHYSICAL DESCRIPTION
Number of Pages 171p
500 ## - GENERAL NOTE
General note includes index and biblioraphy
505 2# - FORMATTED CONTENTS NOTE
Formatted contents note General Index of reference
650 ## - SUBJECT ADDED ENTRY--TOPICAL TERM
Topical Term Philosophy-Islamic
942 ## - ADDED ENTRY ELEMENTS (KOHA)
Koha item type Books
Holdings
Collection code Home library Current library Date acquired Cost, normal purchase price Full call number Accession Number Koha item type
  Henry Martyn Institute Library Henry Martyn Institute Library 03/16/2007 50.00 181.07 DEB 019817 Books
                   Copyright © 2026 | Henry Martyn Institute | Hyderabad | TS-500052 | INDIA | Implemented by hmi.edu.in
Hit-Count:

Powered by Koha